Lonely planet india / (Record no. 15813)
[ view plain ]
| 000 -LEADER | |
|---|---|
| fixed length control field | 01833nam a2200349 a 4500 |
| 001 - CONTROL NUMBER | |
| control field | ASIN1741797802 |
| 005 - DATE AND TIME OF LATEST TRANSACTION | |
| control field | 20170105102926.0 |
| 008 - FIXED-LENGTH DATA ELEMENTS--GENERAL INFORMATION | |
| fixed length control field | 131211s2011 xxu eng d |
| 020 ## - INTERNATIONAL STANDARD BOOK NUMBER | |
| International Standard Book Number | 1741797802 (paperback) |
| Terms of availability | $31.99 |
| 020 ## - INTERNATIONAL STANDARD BOOK NUMBER | |
| International Standard Book Number | 9781741797800 (paperback) |
| 040 ## - CATALOGING SOURCE | |
| Original cataloging agency | 0 |
| 082 ## - DEWEY DECIMAL CLASSIFICATION NUMBER | |
| Classification number | 915.404 |
| Author Mark | IND 2011 |
| 100 1# - MAIN ENTRY--PERSONAL NAME | |
| Personal name | Singh, Sarina. |
| 245 00 - TITLE STATEMENT | |
| Title | Lonely planet india / |
| Statement of responsibility, etc. | Sarina Singh, Michael Benanav, Daniel McCrohan, John Noble, Anirban Mahapatra, Abigail Hole, Kevin Raub, Kate James, Mark Elliott, Amy Karafin. |
| 250 ## - EDITION STATEMENT | |
| Edition statement | 14th ed. |
| 260 ## - PUBLICATION, DISTRIBUTION, ETC. | |
| Place of publication, distribution, etc. | [S.l.] : |
| Name of publisher, distributor, etc. | Lonely Planet, |
| Date of publication, distribution, etc. | 2011. |
| 300 ## - PHYSICAL DESCRIPTION | |
| Extent | 1220 p. ; |
| Dimensions | 20 cm. |
| 490 1# - SERIES STATEMENT | |
| Series statement | Country travel guide. |
| 520 ## - SUMMARY, ETC. | |
| Summary, etc. | “India’s diversity is apparent in its architecture, landscapes, festivals and handicrafts. And spirituality – the beating heart of India – pulsates from the mountains of Ladakh to the shores of tropical Kerala.” – Sarina Singh, Lonely Planet Writer Our Promise You can trust our travel information because Lonely Planet writers visit the places we write about, each and every edition. We never accept freebies for positive coverage, and you can rely on us to tell it like we see it. Inside This Book… 17 authors 83 weeks of research 132 ancient temples 196 maps Inspirational photos Clear, easy-to-use maps Delhi pull-out map 3D plans of iconic sights Comprehensive planning tools In-depth background. |
| 700 1# - ADDED ENTRY--PERSONAL NAME | |
| Personal name | Benanav, Michael. |
| 700 1# - ADDED ENTRY--PERSONAL NAME | |
| Personal name | McCrohan, Daniel. |
| 700 1# - ADDED ENTRY--PERSONAL NAME | |
| Personal name | Noble, John. |
| 700 1# - ADDED ENTRY--PERSONAL NAME | |
| Personal name | Mahapatra, Anirban. |
| 700 1# - ADDED ENTRY--PERSONAL NAME | |
| Personal name | Hole, Abigail. |
| 700 1# - ADDED ENTRY--PERSONAL NAME | |
| Personal name | Raub, Kevin. |
| 700 1# - ADDED ENTRY--PERSONAL NAME | |
| Personal name | James, Kate. |
| 700 1# - ADDED ENTRY--PERSONAL NAME | |
| Personal name | Elliott, Mark. |
| 700 1# - ADDED ENTRY--PERSONAL NAME | |
| Personal name | Karafin, Amy. |
| 830 #0 - SERIES ADDED ENTRY--UNIFORM TITLE | |
| Uniform title | Country travel guide. |
| 856 40 - ELECTRONIC LOCATION AND ACCESS | |
| Materials specified | Amazon.com |
| Uniform Resource Identifier | <a href="http://www.amazon.com/exec/obidos/ASIN/1741797802/chopaconline-20">http://www.amazon.com/exec/obidos/ASIN/1741797802/chopaconline-20</a> |
| 942 ## - ADDED ENTRY ELEMENTS (KOHA) | |
| Source of classification or shelving scheme | |
| Koha item type | Book |
| Withdrawn status | Lost status | Damaged status | Not for loan | Collection code | Permanent Location | Current Location | Shelving location | Date acquired | Total Checkouts | Full call number | Barcode | Date last seen | Price effective from | Koha item type |
|---|---|---|---|---|---|---|---|---|---|---|---|---|---|---|
| Centre for International Peace & Stability (CIPS) | Centre for International Peace & Stability (CIPS) | General Stacks | 10/02/2013 | 915.404 IND 2011 | CIPS0001944 | 12/12/2013 | 12/12/2013 | Book |
